| 000 | 01015cam a2200277 4500 | ||
|---|---|---|---|
| 001 | 2739824 | ||
| 005 | 19891108000000.0 | ||
| 008 | 700122s1969 mdu |rb 001 0 eng | ||
| 010 | _a 78091337 | ||
| 020 | _a080181104X | ||
| 040 |
_aDLC _cDLC _dDLC |
||
| 043 | _ae-ur--- | ||
| 050 | 0 | 0 |
_aUA770 _b.J65 |
| 082 | 0 | 0 |
_a355.033547 _222 _bJOS |
| 100 | 1 |
_aJoshua, Wynfred. _910924 |
|
| 245 | 1 | 0 |
_aArms for the Third World: _bSoviet Military Aid Diplomacy/ _c Wynfred Joshua and Stephen P. Gibert. |
| 260 |
_aBaltimore: _bJohns Hopkins Press, 1969 _c1969 |
||
| 300 |
_ax, 169 p.; _c24 cm. |
||
| 500 | _aDonated by: Alaa Abdel Ghany | ||
| 504 | _aIncludes bibliography: p.161-166 and index | ||
| 650 | 0 |
_aMilitary assistance, Soviet. _910925 |
|
| 651 | 0 |
_aSoviet Union _xMilitary policy. _910926 |
|
| 700 | 1 |
_aGibert, Stephen P., _ejoint author. _910927 |
|
| 942 |
_2ddc _cBB |
||
| 999 |
_c13268 _d13268 |
||